000 00308nam a2200121Ia 4500
008 230125s9999 xx 000 0 und d
020 _a8181720938
082 _aU09
_bGALU
100 _aGALIB INSTITUTE
245 0 _aUrdu Adab men taqseem-e- hind aur uske nataij
260 _bGALIB INSTITUTE
_c2018
942 _cBK
999 _c303
_d303